书目信息 |
| 题名: |
化学物质辞典
|
|
| 作者: | 马世昌 主编 | |
| 分册: | ||
| 出版信息: | 西安 陕西科学技术出版社 1999.04 |
|
| 页数: | 921页 | |
| 开本: | 26cm | |
| 丛书名: | ||
| 单 册: | ||
| 中图分类: | O6-61 | |
| 科图分类: | ||
| 主题词: | 化学物质--辞典 | |
| 电子资源: | ||
| ISBN: | 7-5369-2982-X | |
| 000 | 00742nam0 2200241 45 | |
| 001 | 012003000000 | |
| 005 | 20050119093401.97 | |
| 006 | r | |
| 010 | @a7-5369-2982-X@b精装@dCNY 165.00 | |
| 100 | @a20031026e1999 em y0chiy0110 ea | |
| 101 | 0 | @achi |
| 102 | @aCN@b610000 | |
| 105 | @ay e 000yy | |
| 200 | 1 | @a化学物质辞典@Ahua xue wu zhi ci dian@f马世昌主编 |
| 210 | @a西安@c陕西科学技术出版社@d1999.04@h2002重印 | |
| 215 | @a921页@d26cm | |
| 320 | @a含汉语拼音检字索引 | |
| 330 | @a本辞典内容丰富, 共收集14000余条词目, 主要解释常见的、重要的、典型的和最新的各种化学物质。 | |
| 606 | 0 | @a化学物质@j辞典 |
| 690 | @aO6-61@v4 | |
| 701 | 0 | @a马世昌@Ama shi chang@4主编 |
| 801 | 0 | @aCN@bQSSK1@c20050119 |
| 905 | @a10447@dO6-61@eM161 | |
| 化学物质辞典/马世昌主编.-西安:陕西科学技术出版社,1999.04(2002重印) |
| 921页;26cm |
| ISBN 7-5369-2982-X(精装):CNY 165.00 |
| 本辞典内容丰富, 共收集14000余条词目, 主要解释常见的、重要的、典型的和最新的各种化学物质。 |
| ● |
| 相关链接 |
|
|
|
正题名:化学物质辞典
索取号:O6-61/M161
 
预约/预借
| 序号 | 登录号 | 条形码 | 馆藏地/架位号 | 状态 | 备注 |
| 1 | 438659 | 204386592 | 自科库401/401自科库 61排5列5层/ [索取号:O6-61/M161] | 在馆 | |
| 2 | 438660 | 204386609 | 自科库401/401自科库 61排5列5层/ [索取号:O6-61/M161] | 在馆 |